Statistiques concernant Les jeux-vidéo en 2000

Cliquez ici pour prendre le quiz!

Statistiques générales

  • Ce quiz a été pris 122 fois
  • Le résultat moyen est 3 sur 10

Statistiques - réponses

QuestionRéponse% Correct
Tout premier jeu de cette série de simulation de vie où le but est de gérer la vie de son personnage dans sa propre maisonLes Sims
100%
Console iconique de Sony sorti en 2000Playstation 2
63%
FPS compétitif multijoueur qui est un mod dérivé du jeu Half-LifeCounter Strike
60%
Nom d'un pilote de rallye ayant donné son nom à ce jeu-vidéo dont le deuxième opus "2.0" est sorti en juillet 2000Colin McRae
35%
Jeux-vidéo de snowboard édité par Electronic Arts sorti uniquement sur Playstation 2SSX
21%
Univers parallèle à Hyrule où l'action du jeu "The Legend of Zelda: Majora's Mask" se dérouleTermina
11%
Jeux-vidéo se déroulant dans un Tokyo fictif où des guerres de territoires s'affrontent à coup de graffitis sur des rollersJet Set Radio
9%
Intitulé du troisième opus de Spyro sorti en fin d'année 2000Year of the Dragon
7%
FPS d'infiltration dans un futur dystopique à l'ambiance cyberpunkDeus Ex
6%
Nom du héro principal de Final Fantasy IX, bandit de 16 ans faisant parti de la troupe des TantalasDjidane Tribal
6%

Distribution des résultats

Percentile par nombre de réponses

% des personnes avec chaque résultat

Votre développement - résultats

Vous n’avez pas pris ce quiz